<?xml version="1.0" encoding="UTF-8"?><?xml-stylesheet type="text/xsl" href="static/style.xsl"?><OAI-PMH xmlns="http://www.openarchives.org/OAI/2.0/" xmlns:xsi="http://www.w3.org/2001/XMLSchema-instance" xsi:schemaLocation="http://www.openarchives.org/OAI/2.0/ http://www.openarchives.org/OAI/2.0/OAI-PMH.xsd"><responseDate>2026-04-18T01:25:35Z</responseDate><request verb="GetRecord" identifier="oai:www.recercat.cat:10256/19539" metadataPrefix="marc">https://recercat.cat/oai/request</request><GetRecord><record><header><identifier>oai:recercat.cat:10256/19539</identifier><datestamp>2024-10-29T08:12:30Z</datestamp><setSpec>com_2072_452992</setSpec><setSpec>com_2072_2054</setSpec><setSpec>col_2072_453150</setSpec></header><metadata><record xmlns="http://www.loc.gov/MARC21/slim" xmlns:dcterms="http://purl.org/dc/terms/" xmlns:xsi="http://www.w3.org/2001/XMLSchema-instance" xmlns:doc="http://www.lyncode.com/xoai" xsi:schemaLocation="http://www.loc.gov/MARC21/slim http://www.loc.gov/standards/marcxml/schema/MARC21slim.xsd">
   <leader>00925njm 22002777a 4500</leader>
   <datafield ind2=" " ind1=" " tag="042">
      <subfield code="a">dc</subfield>
   </datafield>
   <datafield ind2=" " ind1=" " tag="720">
      <subfield code="a">Esteban Guitart, Moisès</subfield>
      <subfield code="e">author</subfield>
   </datafield>
   <datafield ind2=" " ind1=" " tag="260">
      <subfield code="c">2021-05-06</subfield>
   </datafield>
   <datafield ind2=" " ind1=" " tag="520">
      <subfield code="a">Tradicionalment, el contingut i fronteres dels espais i temps educatius&#xd;
s’han reduït als continguts, competències, aules i horaris escolars. Tanmateix, la metàfora de la nova ecologia de l’aprenentatge posa al descobert la caducitat d’un model «d’encapsulament de l’aprenentatge»,&#xd;
funcional en el segle xx, però que necessita una profunda revisió en les&#xd;
condicions actuals cap a models d’educació distribuïda i interconnectada, una situació que, d’altra banda, ens obliga a repensar el focus de l’acció educativa. En aquest sentit, en aquest capítol justifiquem la necessitat&#xd;
de situar les trajectòries personals d’aprenentatge com a unitat i objecte&#xd;
d’anàlisi alhora. Dividim el capítol en quatre subseccions: en primer lloc,&#xd;
s’identifica una tendència, a la vegada nacional i internacional, que&#xd;
consisteix a il·lustrar les oportunitats educatives, avui més que mai distribuïdes i múltiples, al llarg i ample de la vida, que apareixen com a conseqüència de la participació i el trànsit dels aprenents en diferents&#xd;
contextos i activitats. En segon lloc, es defineix, s’il·lustra i es caracteritza&#xd;
la noció de Trajectòria Personal d’Aprenentatge (TPA). En tercer lloc,&#xd;
s’aborda la qüestió relativa al desenvolupament de trajectòries personals&#xd;
d’aprenentatge diverses, enriquides i competencials d’acord amb tres nivells d’intervenció, que són: micro (estratègies de personalització educativa), meso (establiment de xarxes educatives multinivell i intersectorials) i macro (polítiques públiques de redistribució de recursos, competències&#xd;
i funcions segons un nou consens, pacte o contracte educatiu). Finalment, es proposen algunes mesures específiques derivades dels plantejaments anteriors</subfield>
   </datafield>
   <datafield ind1="8" ind2=" " tag="024">
      <subfield code="a">http://hdl.handle.net/10256/19539</subfield>
   </datafield>
   <datafield tag="653" ind2=" " ind1=" ">
      <subfield code="a">Educació -- Catalunya</subfield>
   </datafield>
   <datafield tag="653" ind2=" " ind1=" ">
      <subfield code="a">Education -- Catalonia</subfield>
   </datafield>
   <datafield ind2="0" ind1="0" tag="245">
      <subfield code="a">7. L’articulació d’espais i temps educatius: les trajectòries personals d’aprenentatge com a focus de l’acció educativa</subfield>
   </datafield>
</record></metadata></record></GetRecord></OAI-PMH>